000 00289nam a22001217a 4500
020 _a978-81-89928-07-0
082 _a510
_bSHA/M
100 _aR.D.SHARMA
245 _aMATHEMATICS CLASS X
260 _aDELHI
_bDHANPAT RAI PUBLICATIONS
_c2013
650 _aMATHS FOR CLASS X
_zINDIA
942 _cBK
999 _c739
_d739